书目信息 |
| 题名: |
中国城市老地图
|
|
| 作者: | 张锡昌 编著 | |
| 分册: | ||
| 出版信息: | 上海 上海辞书出版社 2004 |
|
| 页数: | 197页 | |
| 开本: | 25×26cm | |
| 丛书名: | ||
| 单 册: | ||
| 中图分类: | K992.5 | |
| 科图分类: | ||
| 主题词: | 城市图--中国 , 城市图 | |
| 电子资源: | ||
| ISBN: | 7-5326-1468-9 | |
| 000 | 00794nam0 2200229 450 | |
| 001 | 1254866100 | |
| 005 | 20121012151501.95 | |
| 010 | @a7-5326-1468-9@dCNY100.00 | |
| 100 | @a20040319d2004 em y0chiy50 ea | |
| 101 | 0 | @achi |
| 102 | @aCN@b310000 | |
| 105 | @aab z 000yy | |
| 200 | 1 | @a中国城市老地图@Azhong guo cheng shi lao di tu@f张锡昌编著 |
| 210 | @a上海@c上海辞书出版社@d2004 | |
| 215 | @a197页@c照片@d25×26cm | |
| 330 | @a本书收录了近、现代的中国城市老地图三百多幅,还配用了大多选自1922年至1949年的美国《国家地理》杂志和作者收藏的老照片,并且对所涉及的全国几十个城市的历史渊源进行详细的介绍。 | |
| 606 | 0 | @a城市图@y中国 |
| 606 | 0 | @a城市图 |
| 690 | @aK992.5@v4 | |
| 701 | 0 | @a张锡昌@Azhang xi chang@f(1941~)@4编著 |
| 801 | 0 | @aCN@bNLC@c20101222 |
| 905 | @a10447@dK992.5@eJY33 | |
| 中国城市老地图/张锡昌编著.-上海:上海辞书出版社,2004 |
| 197页:照片;25×26cm |
| ISBN 7-5326-1468-9:CNY100.00 |
| 本书收录了近、现代的中国城市老地图三百多幅,还配用了大多选自1922年至1949年的美国《国家地理》杂志和作者收藏的老照片,并且对所涉及的全国几十个城市的历史渊源进行详细的介绍。 |
| ● |
| 相关链接 |
|
|
|
|
正题名:中国城市老地图
索取号:K992.5/JY33
 
预约/预借
| 序号 | 登录号 | 条形码 | 馆藏地/架位号 | 状态 | 备注 |
| 1 | 7825708 | 278257084 | 学院路分馆/ [索取号:K992.5/JY33] | 在馆 | |
| 2 | 7825709 | 278257093 | 学院路分馆/ [索取号:K992.5/JY33] | 在馆 | |
| 3 | 7825710 | 278257100 | 学院路分馆/ [索取号:K992.5/JY33] | 在馆 | |
| 4 | 7825711 | 278257119 | 学院路分馆/ [索取号:K992.5/JY33] | 在馆 |